[Event "Internet Chess Club m1 g/5'"]
[Site "ICC INT"]
[Date "1999.12.08"]
[Round "?"]
[White "Svidler, Peter"]
[Black "Kramnik, Vladimir"]
[Result "1-0"]
[WhiteElo "2713"]
[BlackElo "2751"]
[PlyCount "73"]
[EventDate "1999.12.??"]
[EventType "match (blitz)"]
[EventRounds "18"]
[EventCountry "USA"]
[SourceTitle "EXT 2005"]
[Source "ChessBase"]
[SourceDate "2004.11.15"]
[SourceVersion "1"]
[SourceVersionDate "2004.11.15"]
[SourceQuality "1"]

1. e4 c5 2. Nf3 Nc6 3. Nc3 Nf6 4. Bb5 Qc7 5. O-O Nd4 6. Bd3 Nxf3+ 7. Qxf3 e6 8.
Re1 d6 9. b3 a6 10. Bb2 b5 11. Nd5 Nxd5 12. exd5 Bb7 13. a4 Be7 14. axb5 Bxd5
15. Qg3 Bf6 16. Bxf6 gxf6 17. bxa6 Ke7 18. Be4 Bxe4 19. Rxe4 Qc6 20. Rea4 Rhg8
21. Qh3 Ra7 22. g3 Rga8 23. Qxh7 Rxa6 24. Rxa6 Rxa6 25. Rxa6 Qxa6 26. h4 f5 27.
Qh6 Qa1+ 28. Kg2 Qd1 29. Qg5+ Kd7 30. h5 Qxc2 31. h6 Qe4+ 32. Kh2 f4 33. Qxf4
Qg6 34. Qh4 Qh7 35. Qf6 Kc6 36. g4 d5 37. Kg3 1-0

[Event "Internet Chess Club m1 g/5'"]
[Site "ICC INT"]
[Date "1999.12.08"]
[Round "?"]
[White "Svidler, Peter"]
[Black "Kramnik, Vladimir"]
[Result "1-0"]
[WhiteElo "2713"]
[BlackElo "2751"]
[PlyCount "43"]
[EventDate "1999.12.??"]
[EventType "match (blitz)"]
[EventRounds "18"]
[EventCountry "USA"]
[SourceTitle "EXT 2005"]
[Source "ChessBase"]
[SourceDate "2004.11.15"]
[SourceVersion "1"]
[SourceVersionDate "2004.11.15"]
[SourceQuality "1"]

1. e4 c5 2. Nf3 d6 3. d4 cxd4 4. Nxd4 Nf6 5. Nc3 Nc6 6. Bg5 e6 7. Qd2 a6 8.
O-O-O Be7 9. f4 Nxd4 10. Qxd4 b5 11. Bxf6 gxf6 12. Be2 Qa5 13. e5 fxe5 14. fxe5
d5 15. Bh5 Rf8 16. Nxd5 exd5 17. Qxd5 Ra7 18. Qc6+ Bd7 19. Rxd7 Rxd7 20. e6 Qc7
21. exd7+ Qxd7 22. Qxa6 1-0

[Event "Internet Chess Club m1 g/5'"]
[Site "ICC INT"]
[Date "1999.12.08"]
[Round "?"]
[White "Svidler, Peter"]
[Black "Kramnik, Vladimir"]
[Result "1/2-1/2"]
[WhiteElo "2713"]
[BlackElo "2751"]
[PlyCount "70"]
[EventDate "1999.12.??"]
[EventType "match (blitz)"]
[EventRounds "18"]
[EventCountry "USA"]
[SourceTitle "EXT 2005"]
[Source "ChessBase"]
[SourceDate "2004.11.15"]
[SourceVersion "1"]
[SourceVersionDate "2004.11.15"]
[SourceQuality "1"]

1. e4 e6 2. d4 d5 3. Nc3 Nf6 4. Bg5 dxe4 5. Nxe4 Be7 6. Bxf6 gxf6 7. Nf3 b6 8.
g3 Bb7 9. Qe2 Nd7 10. Bg2 f5 11. Nc3 c6 12. O-O-O Qc7 13. Rhe1 O-O-O 14. Ne5
Nxe5 15. dxe5 h5 16. f4 h4 17. Rxd8+ Qxd8 18. Rd1 Qe8 19. g4 fxg4 20. Qxg4 h3
21. Bxh3 Rh4 22. Qg3 Qh8 23. Bg2 Qh6 24. Kb1 Qg6 25. Be4 Qxg3 26. hxg3 Rh3 27.
Ne2 Rh2 28. Re1 Kc7 29. Kc1 Bc5 30. Kd1 Ba6 31. Bd3 Bb7 32. Rf1 Bf2 33. Be4 Ba6
34. Bd3 Bb7 35. Be4 Ba6 1/2-1/2

[Event "Internet Chess Club m1 g/5'"]
[Site "ICC INT"]
[Date "1999.12.08"]
[Round "?"]
[White "Svidler, Peter"]
[Black "Kramnik, Vladimir"]
[Result "1/2-1/2"]
[WhiteElo "2713"]
[BlackElo "2751"]
[PlyCount "84"]
[EventDate "1999.12.??"]
[EventType "match (blitz)"]
[EventRounds "18"]
[EventCountry "USA"]
[SourceTitle "EXT 2005"]
[Source "ChessBase"]
[SourceDate "2004.11.15"]
[SourceVersion "1"]
[SourceVersionDate "2004.11.15"]
[SourceQuality "1"]

1. e4 e6 2. d4 d5 3. Nd2 c5 4. exd5 exd5 5. Ngf3 Nc6 6. Bb5 cxd4 7. Nxd4 Bd7 8.
Qe2+ Be7 9. N2f3 Nf6 10. O-O O-O 11. Bxc6 bxc6 12. Ne5 Rc8 13. Qa6 Qb6 14. Qxb6
axb6 15. Bg5 Rfd8 16. Rfe1 Kf8 17. Nxd7+ Rxd7 18. Nf5 Bd8 19. Rad1 h6 20. Be3
c5 21. c3 Bc7 22. a4 Ra8 23. b3 Rdd8 24. h3 Re8 25. g4 Re6 26. Rd3 Kg8 27. Kg2
Kh7 28. Red1 g6 29. Nxh6 Rxe3 30. Rxe3 Kxh6 31. Re7 Bd8 32. Rxf7 g5 33. Rb7 Kg6
34. Re1 c4 35. bxc4 dxc4 36. Re6 Rxa4 37. Rb8 Kf7 38. Rc6 Be7 39. Rbxb6 Nd5 40.
Rb7 Nxc3 41. Rbc7 Nd5 42. Rxc4 Ra3 1/2-1/2

[Event "Internet Chess Club m2 g/3'"]
[Site "ICC INT"]
[Date "1999.12.16"]
[Round "?"]
[White "Vallejo Pons, Francisco"]
[Black "Kramnik, Vladimir"]
[Result "1-0"]
[WhiteElo "2494"]
[BlackElo "2751"]
[PlyCount "83"]
[EventDate "1999.12.??"]
[EventType "match (blitz)"]
[EventRounds "3"]
[EventCountry "USA"]
[SourceTitle "EXT 2005"]
[Source "ChessBase"]
[SourceDate "2004.11.15"]
[SourceVersion "1"]
[SourceVersionDate "2004.11.15"]
[SourceQuality "1"]

1. e4 c5 2. Nc3 Nc6 3. Nge2 g6 4. d4 cxd4 5. Nxd4 Bg7 6. Nde2 Nf6 7. g3 O-O 8.
Bg2 Rb8 9. a4 a6 10. O-O b5 11. axb5 axb5 12. Nd5 d6 13. c3 b4 14. c4 Nd7 15.
Rb1 e6 16. Ne3 b3 17. Qxd6 Nde5 18. c5 Qxd6 19. cxd6 Nd3 20. Rd1 Ba6 21. Nf4
Ncb4 22. Nxd3 Bxd3 23. Ra1 Rfd8 24. Ra4 Bc2 25. Rd2 Bb1 26. Ra1 Ba2 27. f4 e5
28. fxe5 Bxe5 29. Nc4 Bg7 30. e5 Rbc8 31. Bf1 Nc6 32. Rd5 Nb4 33. Rd2 Rc5 34.
Rf2 Nc6 35. Bg5 Rd7 36. Bh3 Rb7 37. e6 Rxg5 38. exf7+ Kf8 39. Re1 Rxf7 40. d7
Rxf2 41. Re8+ Kf7 42. Nd6+ 1-0

[Event "Internet Chess Club m2 g/5'"]
[Site "ICC INT"]
[Date "1999.12.06"]
[Round "?"]
[White "Dlugy, Maxim"]
[Black "Kramnik, Vladimir"]
[Result "1/2-1/2"]
[WhiteElo "2531"]
[BlackElo "2751"]
[PlyCount "84"]
[EventDate "1999.12.??"]
[EventType "match (blitz)"]
[EventRounds "18"]
[EventCountry "USA"]
[SourceTitle "EXT 2005"]
[Source "ChessBase"]
[SourceDate "2004.11.15"]
[SourceVersion "1"]
[SourceVersionDate "2004.11.15"]
[SourceQuality "1"]

1. c4 c5 2. g3 Nf6 3. Bg2 Nc6 4. Nc3 e6 5. e3 d5 6. d3 Be7 7. Nge2 O-O 8. cxd5
exd5 9. O-O d4 10. exd4 cxd4 11. Ne4 Bf5 12. Bd2 Qd7 13. Rc1 Rfe8 14. Re1 Nxe4
15. dxe4 Bg4 16. f3 Be6 17. Nf4 Rad8 18. Nd3 f6 19. a3 Ne5 20. Bf1 Bf8 21. Bb4
Bxb4 22. axb4 Qe7 23. Nxe5 fxe5 24. Qa4 b6 25. Bd3 Rf8 26. Rf1 Bh3 27. Rf2 Qg5
28. Qd1 Qe3 29. Rcc2 Rc8 30. Bf1 Rxc2 31. Qxc2 Bxf1 32. Kxf1 d3 33. Qc4+ Kh8
34. Qd5 h6 35. Kg2 Rc8 36. Qd7 Rc1 37. Qe8+ Kh7 38. Qxe5 Qxf2+ 39. Kxf2 d2 40.
Qf5+ Kh8 41. Qf8+ Kh7 42. Qf5+ Kh8 1/2-1/2

[Event "Internet Chess Club m2 g/5'"]
[Site "ICC INT"]
[Date "1999.12.06"]
[Round "?"]
[White "Dlugy, Maxim"]
[Black "Kramnik, Vladimir"]
[Result "1-0"]
[WhiteElo "2531"]
[BlackElo "2751"]
[PlyCount "149"]
[EventDate "1999.12.??"]
[EventType "match (blitz)"]
[EventRounds "18"]
[EventCountry "USA"]
[SourceTitle "EXT 2005"]
[Source "ChessBase"]
[SourceDate "2004.11.15"]
[SourceVersion "1"]
[SourceVersionDate "2004.11.15"]
[SourceQuality "1"]

1. d4 Nf6 2. Nf3 e6 3. c4 b6 4. g3 Bb7 5. Bg2 Be7 6. Nc3 O-O 7. Qc2 Na6 8. O-O
d5 9. cxd5 Nb4 10. Qa4 Nbxd5 11. Bd2 c5 12. Rfd1 Qe8 13. Qxe8 Rfxe8 14. Rac1
Red8 15. dxc5 Bxc5 16. Nxd5 Bxd5 17. b4 Bf8 18. Ne5 Bxg2 19. Kxg2 Ne4 20. Be1
Rxd1 21. Rxd1 Rc8 22. Rd7 f6 23. Nd3 a5 24. bxa5 bxa5 25. Bxa5 Ra8 26. Bb4 Bxb4
27. Nxb4 Nc3 28. Rd2 Ra4 29. Rc2 Ra3 30. Kf1 Kf7 31. Ke1 f5 32. f3 Kf6 33. Kd2
Nb5 34. Rb2 Ra8 35. Nc2 Nd6 36. Kd3 g5 37. a3 h5 38. Rb4 g4 39. a4 Rd8 40. Kc3
Rc8+ 41. Kb3 gxf3 42. exf3 e5 43. Rb6 Ke7 44. Ne3 Rc1 45. a5 Ra1 46. a6 Kd7 47.
Kb2 Ra4 48. Kb3 Ra1 49. Nd5 e4 50. fxe4 fxe4 51. Nc3 e3 52. Kc2 Ne4 53. Nxe4 e2
54. Nc5+ Kc7 55. Rb7+ Kc6 56. Nd3 Rxa6 57. Re7 Ra2+ 58. Kc3 Kd6 59. Re3 e1=Q+
60. Nxe1 Rxh2 61. Kd4 h4 62. Nf3 Ra2 63. Nxh4 Ra4+ 64. Kd3 Kd5 65. Ke2 Kc6 66.
Kf3 Kd5 67. g4 Ra7 68. Nf5 Rf7 69. Kf4 Rf8 70. Re5+ Kc6 71. g5 Kc7 72. Re7+ Kc6
73. g6 Rg8 74. g7 Kc5 75. Ke5 1-0

[Event "Internet Chess Club m2 g/5'"]
[Site "ICC INT"]
[Date "1999.12.06"]
[Round "?"]
[White "Kramnik, Vladimir"]
[Black "Dlugy, Maxim"]
[Result "1/2-1/2"]
[WhiteElo "2751"]
[BlackElo "2531"]
[PlyCount "120"]
[EventDate "1999.12.??"]
[EventType "match (blitz)"]
[EventRounds "18"]
[EventCountry "USA"]
[SourceTitle "EXT 2005"]
[Source "ChessBase"]
[SourceDate "2004.11.15"]
[SourceVersion "1"]
[SourceVersionDate "2004.11.15"]
[SourceQuality "1"]

1. Nf3 d5 2. d4 c5 3. c4 cxd4 4. cxd5 Nf6 5. Qxd4 Qxd5 6. Nc3 Qxd4 7. Nxd4 Bd7
8. e4 Nc6 9. Nxc6 Bxc6 10. f3 e6 11. Be3 Bd6 12. Rc1 a6 13. Be2 Ke7 14. Kf2 Nd7
15. g3 Rac8 16. Rhd1 Rhd8 17. Rd2 Bc5 18. Rcd1 Bxe3+ 19. Kxe3 f6 20. f4 Nc5 21.
Rxd8 Rxd8 22. Rxd8 Kxd8 23. Kd4 Nd7 24. e5 fxe5+ 25. fxe5 Bg2 26. b4 Nb8 27. b5
axb5 28. Bxb5 Nc6+ 29. Bxc6 Bxc6 30. Kc5 Kc7 31. h4 h5 32. Ne2 Bf3 33. Nd4 b6+
34. Kb4 Bd5 35. a4 Kb7 36. Kb5 Kc7 37. a5 bxa5 38. Kxa5 Bc4 39. Kb4 Bd5 40. Kc5
Ba2 41. Ne2 Bb1 42. Nf4 Kd7 43. Nxh5 g6 44. Nf6+ Ke7 45. g4 Bc2 46. h5 gxh5 47.
gxh5 Bf5 48. Kc6 Kf7 49. Kd6 Kg7 50. Ke7 Kh6 51. Kf7 Bh3 52. Ke7 Bf5 53. Kd6
Kg5 54. Kc5 Bd3 55. Kd4 Be2 56. Kc5 Bd3 57. Kd4 Be2 58. Ne4+ Kh6 59. Ng3 Bxh5
60. Kc5 Bg4 1/2-1/2

[Event "Internet Chess Club m2 g/5'"]
[Site "ICC INT"]
[Date "1999.12.06"]
[Round "?"]
[White "Kramnik, Vladimir"]
[Black "Dlugy, Maxim"]
[Result "1/2-1/2"]
[WhiteElo "2751"]
[BlackElo "2531"]
[PlyCount "121"]
[EventDate "1999.12.??"]
[EventType "match (blitz)"]
[EventRounds "18"]
[EventCountry "USA"]
[SourceTitle "EXT 2005"]
[Source "ChessBase"]
[SourceDate "2004.11.15"]
[SourceVersion "1"]
[SourceVersionDate "2004.11.15"]
[SourceQuality "1"]

1. d4 Nf6 2. c4 c5 3. Nf3 cxd4 4. Nxd4 d5 5. cxd5 Nxd5 6. e4 Nb4 7. Bb5+ Bd7 8.
O-O e5 9. a3 exd4 10. Bxd7+ Qxd7 11. axb4 Bxb4 12. Nd2 O-O 13. Qh5 Nc6 14. Nf3
d3 15. Rd1 Rad8 16. Be3 Rfe8 17. h3 h6 18. Nh4 Rxe4 19. Nf5 Qe6 20. Qf3 Rd5 21.
g4 Rc4 22. Bxa7 Nxa7 23. Rxa7 d2 24. Ne3 Rc1 25. Kg2 Rxd1 26. Nxd1 Qd7 27. Ra8+
Bf8 28. Rb8 g6 29. Qa3 Rd6 30. Qf3 Rc6 31. Ne3 Kg7 32. Nd5 Re6 33. Qc3+ f6 34.
Qf3 d1=Q 35. Qxd1 Qc6 36. Qb3 Re7 37. Qf3 Rd7 38. Nc3 Qxf3+ 39. Kxf3 Bd6 40.
Rc8 Be5 41. Ke3 Bd4+ 42. Ke2 Bxc3 43. bxc3 h5 44. gxh5 gxh5 45. Rc5 Kg6 46. Rb5
Re7+ 47. Kd3 h4 48. c4 f5 49. f4 Re1 50. Rxb7 Kh5 51. c5 Rh1 52. c6 Rxh3+ 53.
Kd4 Rh1 54. Ke5 Kg4 55. Rg7+ Kf3 56. Kxf5 Rc1 57. c7 Rc5+ 58. Ke6 Kxf4 59. Kd6
Rc1 60. Rh7 Kg3 61. Kd7 1/2-1/2

[Event "Internet Chess Club m2 g/5'"]
[Site "ICC INT"]
[Date "1999.12.07"]
[Round "?"]
[White "Dlugy, Maxim"]
[Black "Kramnik, Vladimir"]
[Result "1-0"]
[WhiteElo "2531"]
[BlackElo "2751"]
[PlyCount "103"]
[EventDate "1999.12.??"]
[EventType "match (blitz)"]
[EventRounds "18"]
[EventCountry "USA"]
[SourceTitle "EXT 2005"]
[Source "ChessBase"]
[SourceDate "2004.11.15"]
[SourceVersion "1"]
[SourceVersionDate "2004.11.15"]
[SourceQuality "1"]

1. d4 Nf6 2. c4 g6 3. Nc3 Bg7 4. e4 d6 5. f3 O-O 6. Be3 Nbd7 7. Bd3 c5 8. Nge2
cxd4 9. Nxd4 a6 10. O-O e6 11. Bf2 b6 12. Re1 Bb7 13. Rc1 Rc8 14. Bf1 Qc7 15.
Qd2 Qb8 16. Rcd1 Rfd8 17. b3 Ne5 18. Na4 Ba8 19. Nxb6 Qxb6 20. Nxe6 Qxf2+ 21.
Qxf2 fxe6 22. Qa7 g5 23. Qxa6 Bc6 24. Rxd6 Rxd6 25. Qxc8+ Bf8 26. c5 Rd7 27. b4
Kf7 28. Qb8 Ng6 29. Qb6 Ne5 30. Qb8 Ng6 31. Rc1 Rb7 32. Qa8 Ne5 33. b5 Rxb5 34.
Qxc6 Nxc6 35. Bxb5 Nd4 36. a4 Ne8 37. Rc4 Nc7 38. c6 Bd6 39. Kf2 Ndxb5 40. axb5
Nxb5 41. g3 Ke7 42. Ke3 Bc7 43. f4 gxf4+ 44. gxf4 e5 45. f5 Nd4 46. Rc1 Kd6 47.
Rg1 Bb6 48. Kd3 Nxf5 49. Rb1 Nd4 50. Rxb6 Nxc6 51. Kc4 Kc7 52. Kc5 1-0

[Event "Internet Chess Club m2 g/5'"]
[Site "ICC INT"]
[Date "1999.12.07"]
[Round "?"]
[White "Dlugy, Maxim"]
[Black "Kramnik, Vladimir"]
[Result "0-1"]
[WhiteElo "2531"]
[BlackElo "2751"]
[PlyCount "146"]
[EventDate "1999.12.??"]
[EventType "match (blitz)"]
[EventRounds "18"]
[EventCountry "USA"]
[SourceTitle "EXT 2005"]
[Source "ChessBase"]
[SourceDate "2004.11.15"]
[SourceVersion "1"]
[SourceVersionDate "2004.11.15"]
[SourceQuality "1"]

1. d4 Nf6 2. c4 g6 3. Nf3 Bg7 4. Nc3 d5 5. Qb3 dxc4 6. Qxc4 O-O 7. e4 Nfd7 8.
Be3 Nc6 9. Rd1 Nb6 10. Qc5 Bg4 11. Be2 Qd6 12. e5 Qxc5 13. dxc5 Nd7 14. e6 Bxe6
15. Ng5 Rfd8 16. Nxe6 fxe6 17. O-O Bxc3 18. bxc3 Nf6 19. Rb1 Rab8 20. Rfc1 b6
21. h3 Nd5 22. Bg5 bxc5 23. Rxb8 Rxb8 24. Bg4 Kf7 25. Re1 Nd8 26. c4 Nf6 27.
Bf3 Rb4 28. Rd1 Ke8 29. Bf4 Rxc4 30. Bxc7 Nf7 31. Bc6+ Kf8 32. Bb8 a5 33. a4
Nd5 34. Bb5 Rc2 35. Re1 c4 36. Rxe6 c3 37. Rc6 Rd2 38. Bc4 c2 39. Bxd5 Rd1+ 40.
Kh2 c1=Q 41. Rxc1 Rxc1 42. Ba7 Ra1 43. Bc6 Rb1 44. Be3 Nd6 45. Bd2 Rb2 46. Bxa5
Rxf2 47. Bb6 Rc2 48. Bd5 Nc4 49. Bc5 g5 50. Be6 h6 51. Bb4 Ne3 52. a5 Rxg2+ 53.
Kh1 Rb2 54. Bc5 Rb5 55. Bb6 Nd5 56. Bd8 Nf4 57. Bg4 e5 58. a6 Rb1+ 59. Kh2 Ra1
60. Bc8 e4 61. Bb6 Ra2+ 62. Kh1 Nd5 63. Bc5+ Kg7 64. Bb7 e3 65. Bxd5 e2 66. Bf2
Rxa6 67. Bf3 Rf6 68. Kg2 Re6 69. Be1 Kg6 70. Kf2 h5 71. Bxe2 Rb6 72. Bd3+ Kf7
73. Bd2 Kf6 0-1

[Event "Internet Chess Club m2 g/5'"]
[Site "ICC INT"]
[Date "1999.12.07"]
[Round "?"]
[White "Dlugy, Maxim"]
[Black "Kramnik, Vladimir"]
[Result "1-0"]
[WhiteElo "2531"]
[BlackElo "2751"]
[PlyCount "141"]
[EventDate "1999.12.??"]
[EventType "match (blitz)"]
[EventRounds "18"]
[EventCountry "USA"]
[SourceTitle "EXT 2005"]
[Source "ChessBase"]
[SourceDate "2004.11.15"]
[SourceVersion "1"]
[SourceVersionDate "2004.11.15"]
[SourceQuality "1"]

1. d4 Nf6 2. c4 e6 3. Nf3 d5 4. g3 Bb4+ 5. Bd2 Be7 6. Bg2 O-O 7. Qc2 c6 8. O-O
Nbd7 9. b3 b6 10. Nc3 Ba6 11. cxd5 cxd5 12. Rfe1 Rc8 13. Qb2 Ne4 14. Nxe4 dxe4
15. Ne5 f5 16. Bf4 Bf6 17. Qa3 Nb8 18. Rad1 Be7 19. Qb2 Bb7 20. f3 Nd7 21. fxe4
Bxe4 22. Bxe4 fxe4 23. d5 Bc5+ 24. Kg2 Nxe5 25. Qxe5 exd5 26. Rxd5 Qe8 27. Red1
Qc6 28. Rd7 Qg6 29. Rxa7 Rce8 30. Qd5+ Kh8 31. Rf1 Qg4 32. Qc4 Rf5 33. h3 Qg6
34. b4 b5 35. Qxc5 Rxc5 36. bxc5 h5 37. Be3 Qe6 38. Bd4 Re7 39. Rxe7 Qxe7 40.
Rc1 e3 41. c6 Qa3 42. Rc5 Qxa2 43. Kf3 Qf7+ 44. Kxe3 Qc7 45. Be5 Qc8 46. c7 b4
47. Rb5 Kh7 48. Rb8 Qe6 49. c8=Q Qxe5+ 50. Kd3 Qd5+ 51. Kc2 Qa2+ 52. Kd1 Qa1+
53. Qc1 Qd4+ 54. Qd2 Qa1+ 55. Qc1 Qd4+ 56. Kc2 Qe4+ 57. Kb3 Qd5+ 58. Qc4 Qe5
59. Qd3+ g6 60. Rb7+ Kh6 61. Qd2+ Qg5 62. Qxg5+ Kxg5 63. Rxb4 Kf5 64. h4 Ke5
65. Rb5+ Ke4 66. Rg5 Ke3 67. Rxg6 Kxe2 68. Rg5 Kf3 69. Kc4 Kf2 70. Kd5 Kf3 71.
Ke5 1-0

[Event "Internet Chess Club m2 g/5'"]
[Site "ICC INT"]
[Date "1999.12.07"]
[Round "?"]
[White "Dlugy, Maxim"]
[Black "Kramnik, Vladimir"]
[Result "1/2-1/2"]
[WhiteElo "2531"]
[BlackElo "2751"]
[PlyCount "114"]
[EventDate "1999.12.??"]
[EventType "match (blitz)"]
[EventRounds "18"]
[EventCountry "USA"]
[SourceTitle "EXT 2005"]
[Source "ChessBase"]
[SourceDate "2004.11.15"]
[SourceVersion "1"]
[SourceVersionDate "2004.11.15"]
[SourceQuality "1"]

1. d4 Nf6 2. c4 e6 3. Nf3 d5 4. Nc3 c6 5. e3 Nbd7 6. Qc2 Bd6 7. Bd3 O-O 8. O-O
h6 9. e4 dxe4 10. Nxe4 Nxe4 11. Bxe4 e5 12. Rd1 exd4 13. Nxd4 Nf6 14. Bf5 Qc7
15. h3 Bh2+ 16. Kf1 Be5 17. Be3 Re8 18. Rd2 Bxd4 19. Rxd4 Qh2 20. Bxc8 Raxc8
21. Rad1 Qh1+ 22. Ke2 Qxg2 23. Qf5 Ne4 24. Qg4 Qxg4+ 25. hxg4 Nf6 26. Kf3 b6
27. g5 hxg5 28. Bxg5 Nh7 29. Bh4 Nf8 30. Rd6 f6 31. c5 bxc5 32. Rc1 Re5 33. Bg3
Rd5 34. Ke4 Re8+ 35. Kf3 Ne6 36. Kg2 Nd4 37. Rxd5 cxd5 38. Rxc5 Rd8 39. Rc7 a5
40. Rc5 a4 41. Ra5 Ne2 42. Rxa4 d4 43. Kf1 d3 44. Ke1 Rc8 45. Kd2 Rc2+ 46. Kxd3
Rxb2 47. Bd6 Nc1+ 48. Ke3 Nxa2 49. Ra8+ Kf7 50. Ra7+ Ke6 51. Bf8 g5 52. Ra6+
Kf7 53. Bc5 Nc3 54. Bd4 Nd5+ 55. Ke4 Rb5 56. Rd6 Nf4 57. Rxf6+ Ke7 1/2-1/2

[Event "Internet Chess Club m2 g/5'"]
[Site "ICC INT"]
[Date "1999.12.07"]
[Round "?"]
[White "Kramnik, Vladimir"]
[Black "Dlugy, Maxim"]
[Result "0-1"]
[WhiteElo "2751"]
[BlackElo "2531"]
[PlyCount "152"]
[EventDate "1999.12.??"]
[EventType "match (blitz)"]
[EventRounds "18"]
[EventCountry "USA"]
[SourceTitle "EXT 2005"]
[Source "ChessBase"]
[SourceDate "2004.11.15"]
[SourceVersion "1"]
[SourceVersionDate "2004.11.15"]
[SourceQuality "1"]

1. d4 Nf6 2. c4 g6 3. Nc3 Bg7 4. e4 d6 5. f4 O-O 6. Nf3 c5 7. d5 e6 8. Be2 exd5
9. cxd5 Bg4 10. O-O Re8 11. h3 Bxf3 12. Bxf3 Nbd7 13. Re1 a6 14. a4 Rc8 15. Be3
Qa5 16. Bf2 c4 17. Re2 Qb4 18. Kh1 Nc5 19. Bxc5 Qxc5 20. e5 dxe5 21. fxe5 Nd7
22. Ne4 Qb4 23. e6 Ne5 24. exf7+ Nxf7 25. d6 Rcd8 26. Rd2 Ne5 27. Ng5 h6 28.
Bd5+ Kh8 29. Nf7+ Nxf7 30. Bxf7 Rf8 31. Bxg6 Rf6 32. Be4 Rfxd6 33. Rxd6 Rxd6
34. Qg4 Rf6 35. Rd1 Qf8 36. Bf3 b5 37. axb5 axb5 38. Rd7 Rf7 39. Rd5 Re7 40.
Qg3 Qe8 41. Rd1 Bxb2 42. Qh4 Bg7 43. Bc6 Qf8 44. Bxb5 c3 45. Bd3 Qf6 46. Qc4
Re8 47. Bc2 Qf2 48. Be4 Qf4 49. Bd3 Qg3 50. Qg4 Re1+ 51. Rxe1 Qxe1+ 52. Kh2
Be5+ 53. g3 Qf2+ 54. Kh1 Qe1+ 55. Kh2 Qd2+ 56. Be2 c2 57. Qc8+ Kg7 58. Qb7+ Kf6
59. Qc6+ Bd6 60. Qf3+ Ke5 61. Qh5+ Qg5 62. Qe8+ Kd4 63. Qa4+ Kc3 64. Qc4+ Kd2
65. Qd3+ Ke1 66. Qc3+ Qd2 67. Qxd2+ Kxd2 68. Kg2 c1=Q 69. Kf3 Qc3+ 70. Ke4 Qxg3
71. Kf5 Qxh3+ 72. Kf6 Qe3 73. Kg6 Qe5 74. Kf7 Be7 75. Kg6 Qf6+ 76. Kh7 Bf8 0-1

[Event "Internet Chess Club m2 g/5'"]
[Site "ICC INT"]
[Date "1999.12.07"]
[Round "?"]
[White "Kramnik, Vladimir"]
[Black "Dlugy, Maxim"]
[Result "1/2-1/2"]
[WhiteElo "2751"]
[BlackElo "2531"]
[PlyCount "192"]
[EventDate "1999.12.??"]
[EventType "match (blitz)"]
[EventRounds "18"]
[EventCountry "USA"]
[SourceTitle "EXT 2005"]
[Source "ChessBase"]
[SourceDate "2004.11.15"]
[SourceVersion "1"]
[SourceVersionDate "2004.11.15"]
[SourceQuality "1"]

1. Nf3 d5 2. d4 Nf6 3. c4 dxc4 4. e3 e6 5. Bxc4 c5 6. O-O Nc6 7. Qe2 cxd4 8.
Rd1 Be7 9. exd4 O-O 10. a3 b6 11. Nc3 Bb7 12. d5 exd5 13. Nxd5 Nxd5 14. Bxd5
Qc7 15. Bg5 Bxg5 16. Nxg5 h6 17. Ne4 Qe5 18. Qf3 Nd4 19. Rxd4 Qxd4 20. Bxb7
Rab8 21. Nc3 Rfe8 22. g3 Rbd8 23. Rd1 Qe5 24. Bd5 Rd7 25. Kg2 Rde7 26. Bc4 Qc5
27. Bb3 Qe5 28. Nd5 Re6 29. Nf4 Rf6 30. Rd2 g5 31. Re2 Qxe2 32. Qxe2 Rxe2 33.
Nxe2 Rd6 34. Bc4 Rd2 35. b3 Kg7 36. Kf3 f5 37. Ke3 Ra2 38. a4 Kf6 39. f4 Ra1
40. Bd5 Rd1 41. Nc3 Re1+ 42. Kf2 Rc1 43. Ne2 Rc2 44. Bc4 Rb2 45. Ke3 Rb1 46.
Nc3 Rh1 47. Nd5+ Kg6 48. Bd3 Rxh2 49. Ne7+ Kf6 50. Nxf5 gxf4+ 51. Kxf4 Rd2 52.
Be4 h5 53. Ne3 Rb2 54. Bc2 Ra2 55. Bd1 Rf2+ 56. Ke4 Rh2 57. g4 Rh4 58. Kd5 Rh3
59. Ke4 hxg4 60. Bxg4 Rg3 61. Nd5+ Kf7 62. Bh5+ Ke6 63. Ne3 Kd7 64. Kd4 Rg5 65.
Bf3 Kc7 66. Bd5 Kd6 67. Nc4+ Kc7 68. Na3 Rg4+ 69. Kc3 Rg3+ 70. Kb2 Kd6 71. Bc4
Kc5 72. Nc2 Rg2 73. Kc3 Rg3+ 74. Bd3 a5 75. Nd4 Re3 76. Nf5 Re5 77. Ng3 Re3 78.
Ne4+ Kd5 79. Nf6+ Kc5 80. Nd7+ Kc6 81. Nf6 Kc5 82. Ng4 Rg3 83. Ne5 Rh3 84. Nd7+
Kc6 85. Nf8 Kd6 86. Kd4 Rh4+ 87. Be4 Rh3 88. Kc4 Rh4 89. Kd3 Kc5 90. Ng6 Rh3+
91. Kc2 Kb4 92. Bd5 Rh2+ 93. Kd3 Rh3+ 94. Kc2 Rh2+ 95. Kd3 Rh3+ 96. Kc2 Rh2+
1/2-1/2

[Event "Internet Chess Club m4 g/5'"]
[Site "ICC INT"]
[Date "1999.12.06"]
[Round "?"]
[White "Bosboom, Manuel"]
[Black "Kramnik, Vladimir"]
[Result "0-1"]
[WhiteElo "2444"]
[BlackElo "2751"]
[PlyCount "64"]
[EventDate "1999.12.??"]
[EventType "match (blitz)"]
[EventRounds "4"]
[EventCountry "USA"]
[SourceTitle "EXT 2005"]
[Source "ChessBase"]
[SourceDate "2004.11.15"]
[SourceVersion "1"]
[SourceVersionDate "2004.11.15"]
[SourceQuality "1"]

1. d4 Nf6 2. Nf3 e6 3. g3 b6 4. Bg2 Bb7 5. O-O Be7 6. b3 O-O 7. Bb2 c5 8. e3
cxd4 9. exd4 d5 10. Nbd2 Nc6 11. a3 Rc8 12. Qe2 Re8 13. Rfe1 Bf8 14. Rad1 g6
15. Ne5 Bg7 16. h3 Rc7 17. Qe3 Ne7 18. c4 Qa8 19. Ndf3 Nf5 20. Qe2 Nd6 21. g4
Rec8 22. Ng5 dxc4 23. d5 c3 24. Bxc3 Rxc3 25. Nexf7 Nxf7 26. Qxe6 Rf8 27. d6
Bxg2 28. Nxf7 Rxf7 29. d7 Nxd7 30. Rxd7 Rcf3 31. Red1 Bf8 32. Rd8 R3f6 0-1

[Event "Internet Chess Club m4 g/5'"]
[Site "ICC INT"]
[Date "1999.12.13"]
[Round "?"]
[White "Bosboom, Manuel"]
[Black "Kramnik, Vladimir"]
[Result "0-1"]
[WhiteElo "2444"]
[BlackElo "2751"]
[PlyCount "54"]
[EventDate "1999.12.??"]
[EventType "match (blitz)"]
[EventRounds "4"]
[EventCountry "USA"]
[SourceTitle "EXT 2005"]
[Source "ChessBase"]
[SourceDate "2004.11.15"]
[SourceVersion "1"]
[SourceVersionDate "2004.11.15"]
[SourceQuality "1"]

1. e4 c5 2. Nc3 Nc6 3. Nge2 Nf6 4. g3 d5 5. exd5 Nd4 6. Bg2 Bg4 7. h3 Bf3 8.
O-O Nxe2+ 9. Nxe2 Bxg2 10. Kxg2 Qxd5+ 11. Kh2 Rd8 12. d3 e6 13. Nf4 Qc6 14. Be3
h5 15. Qe2 Bd6 16. a4 h4 17. Rae1 Kd7 18. Bd2 Kc8 19. a5 g5 20. Bc3 hxg3+ 21.
fxg3 gxf4 22. Bxf6 fxg3+ 23. Kg1 Rxh3 24. Qg2 Qxg2+ 25. Kxg2 Rh2+ 26. Kf3 Rg8
27. Rg1 Rf2+ 0-1

[Event "Internet Chess Club m5 g/5'"]
[Site "ICC INT"]
[Date "1999.12.13"]
[Round "?"]
[White "Kramnik, Vladimir"]
[Black "Rustemov, Alexander"]
[Result "0-1"]
[WhiteElo "2751"]
[BlackElo "2539"]
[PlyCount "102"]
[EventDate "1999.12.??"]
[EventType "match (blitz)"]
[EventRounds "11"]
[EventCountry "USA"]
[SourceTitle "EXT 2005"]
[Source "ChessBase"]
[SourceDate "2004.11.15"]
[SourceVersion "1"]
[SourceVersionDate "2004.11.15"]
[SourceQuality "1"]

1. e4 e6 2. d4 d5 3. e5 c5 4. c3 Qb6 5. Nf3 Bd7 6. a3 Bb5 7. c4 dxc4 8. Nc3 Nc6
9. a4 Ba6 10. a5 Nxa5 11. Qa4+ Nc6 12. d5 exd5 13. Nxd5 Qd8 14. Nc3 Nge7 15.
Bg5 Qb6 16. Bxc4 Qxb2 17. Bxa6 Qxc3+ 18. Bd2 Qb2 19. O-O Qb6 20. Bc4 h6 21. Qa2
O-O-O 22. Rfb1 Qc7 23. Ba6 Rxd2 24. Nxd2 Nb4 25. Qxf7 bxa6 26. Nc4 Nec6 27.
Qe8+ Kb7 28. e6 g5 29. Rd1 Bg7 30. Qg6 Bxa1 31. Rd7 Qxd7 32. exd7 Rd8 33. Qd6
Bd4 34. Kf1 a5 35. Qe6 a4 36. Na3 Nd3 37. g3 Nde5 38. Qxh6 g4 39. h4 Rxd7 40.
h5 Rf7 41. Qe6 Rxf2+ 42. Ke1 Nf3+ 43. Kd1 Rd2+ 44. Kc1 Bb2+ 45. Kb1 Bxa3 46. h6
Rb2+ 47. Ka1 Nd2 48. h7 Nb3+ 49. Qxb3+ Rxb3 50. h8=Q Bb2+ 51. Ka2 Nb4+ 0-1